| 000 | 00337nam a2200109Ia 4500 | ||
|---|---|---|---|
| 008 | 171204s9999 xx 000 0 und d | ||
| 245 | _aInformation Security And Cryptology: | ||
| 245 | _cDongdai Lin and Moti Yung | ||
| 260 | _c2014 | ||
| 650 | _xFUNDAMENTALS OF INFORMATION SECURITY | ||
| 856 | _uhttp://down.ebook777.com/InfSecAndCry.pdf | ||
| 999 |
_c347209 _d347209 |
||